Implementácia modelu Activity Based Costing/Management a jeho softvérové riešenia

Metóda Activity Based Costing (ABC) - metóda priraďovania režijných nákladov na aktivity a z aktivít na produkty a jej spojenie s koncepciou riadenia nákladov, čím vzniká systém Activity Based Costing/Management. Dôležitá podmienka úspešnosti implementácie modelu ABC/M - výber správnej softvérovej p...

Ausführliche Beschreibung

Gespeichert in:
Bibliographische Detailangaben
1. Verfasser: Hudáková Stašová, Lenka
Format: Buchkapitel
Sprache:Slowakisch
Schlagworte:
Tags: Tag hinzufügen
Keine Tags, Fügen Sie das erste Tag hinzu!

MARC

LEADER 00000naa$a2200000$$$4500
001 0106201
005 20231103071813.6
041 0 |a slo 
044 |a SK 
245 1 0 |a Implementácia modelu Activity Based Costing/Management a jeho softvérové riešenia  |c Lenka Hudáková Stašová 
520 |a Metóda Activity Based Costing (ABC) - metóda priraďovania režijných nákladov na aktivity a z aktivít na produkty a jej spojenie s koncepciou riadenia nákladov, čím vzniká systém Activity Based Costing/Management. Dôležitá podmienka úspešnosti implementácie modelu ABC/M - výber správnej softvérovej podpory modelu. Využitie niektorých softvérov v praxi. Softvér - Monet ABC. Softvér - Merit. Softvér - Prodacapo. Softvér - QPR CostControl. Softvér - Oros. 
610 2 0 |a náklady 
610 2 0 |a kalkulácia nákladov 
610 2 0 |a systémy informačné 
610 2 0 |a softvér 
610 2 0 |a manažment 
100 1 |a Hudáková Stašová, Lenka